La madre

Zapisane w:
Opis bibliograficzny
1. autor: Buck, Pearl S
Format: Książka
Język:hiszpański
Wydane: Barcelona, España Plaza y Janés 1993
Wydanie:Sexta edición
Seria:Los JET de Plaza y Janés. 117-2
Hasła przedmiotowe:
Etykiety: Dodaj etykietę
Nie ma etykietki, Dołącz pierwszą etykiete!

MARC

LEADER 00000cam a2200000 a 4500
001 UCF6184
003 CL-VaPUC
005 20250227153614.0
008 130418e19930000SP |||||||||||||||||spa|d
999 |c 351497  |d 351495 
020 |a 8401497620 
040 |c Pontificia Universidad Católica de Valparaíso 
082 0 4 |a 813 BUC 1993  |2 21 
100 0 |a Buck, Pearl S  |9 568222 
245 1 3 |a La madre 
250 |a Sexta edición 
260 0 3 |a Barcelona, España  |b Plaza y Janés  |c 1993 
300 |a 253 páginas 
490 0 |a Los JET de Plaza y Janés.  |v 117-2 
583 |a last modification  |c 20130418 10:21:00  |k Rodrigo Vera 
650 0 |a Novelas estadounidenses  |9 265217 
650 0 |a Vida rural  |9 373430 
650 0 |a Costumbres y tradiciones   |9 268292 
650 7 |a CULTURA CHINA  |2 CL-VaPUC  |9 434570 
942 |c BK  |2 ddc 
945 |d 20130418 00:00:00  |a cmena 
952 |0 0  |1 0  |2 ddc  |4 0  |6 813_000000000000000_BUC_1993  |7 0  |8 A  |9 455634  |a BIBEDU  |b BIBEDU  |d 2019-11-22  |i 4947606  |o 813 BUC 1993  |p 4947606  |r 2019-11-22  |t 1  |w 2019-11-22  |y BK  |k LIT